BIBLIOTECA PODER JUDICIAL
Portal Judicial TDF

El derecho a la certidumbre : (Registro nro. 5697)

000 -LEADER
fixed length control field 01411nab a22002657a 4500
003 - CONTROL NUMBER IDENTIFIER
control field OSt
005 - DATE AND TIME OF LATEST TRANSACTION
control field 20251229113110.0
008 - FIXED-LENGTH DATA ELEMENTS--GENERAL INFORMATION
fixed length control field 190429b xxu||||| |||| 00| 0 spa d
040 ## - CATALOGING SOURCE
Transcribing agency PJ
100 ## - MAIN ENTRY--PERSONAL NAME
9 (RLIN) 6632
Personal name Peralta, Nazareno
245 13 - TITLE STATEMENT
Title El derecho a la certidumbre :
Remainder of title una garantía pendiente del proceso penal argentino. Reflexiones sobre la espera indefinida entre la elevación a juicio y el debate oral /
Statement of responsibility, etc Nazareno Peralta
260 ## - PUBLICATION, DISTRIBUTION, ETC. (IMPRINT)
Date of publication, distribution, etc Ciudad Autónoma de Buenos Aires :
Place of publication, distribution, etc Thomson Reuters La Ley,
Name of publisher, distributor, etc 2025.
300 ## - PHYSICAL DESCRIPTION
Extent p. 96-102
500 ## - GENERAL NOTE
General note Cita: TR LALEY AR/DOC/2190/2025.
505 ## - FORMATTED CONTENTS NOTE
Formatted contents note Sumario: I. Introducción.— II. La incertidumbre como forma de castigo no declarado.— III. Impacto subjetivo y existencial de la incertidumbre.— IV. El juicio abreviado y el valor de la certeza.— V. Propuestas para la garantía del derecho a la certidumbre.— VI. Por todo ello.
505 ## - FORMATTED CONTENTS NOTE
Title Si te interesa el texto completo, solicitalo a koha@justierradelfuego.gov.ar
650 #0 - SUBJECT ADDED ENTRY--TOPICAL TERM
9 (RLIN) 343
Topical term or geographic name as entry element DERECHO PENAL
650 #0 - SUBJECT ADDED ENTRY--TOPICAL TERM
9 (RLIN) 2348
Topical term or geographic name as entry element PROCESO PENAL
650 #0 - SUBJECT ADDED ENTRY--TOPICAL TERM
9 (RLIN) 3637
Topical term or geographic name as entry element TUTELA JUDICIAL EFECTIVA
650 #0 - SUBJECT ADDED ENTRY--TOPICAL TERM
9 (RLIN) 2782
Topical term or geographic name as entry element PRISIÓN PREVENTIVA
650 #0 - SUBJECT ADDED ENTRY--TOPICAL TERM
9 (RLIN) 3088
Topical term or geographic name as entry element JUICIO ABREVIADO
650 #0 - SUBJECT ADDED ENTRY--TOPICAL TERM
9 (RLIN) 3074
Topical term or geographic name as entry element PRESUNCIÓN DE INOCENCIA
773 0# - HOST ITEM ENTRY
Host Biblionumber 2658
Host Itemnumber 3164
Title Revista de derecho penal y criminología. Nº 8 - Octubre 2025
Place, publisher, and date of publication Ciudad Autónoma de Buenos Aires : Thomson Reuters La Ley, 2017-
International Standard Serial Number 00347914
942 ## - ADDED ENTRY ELEMENTS (KOHA)
Source of classification or shelving scheme
Koha item type Analítica Artículo de Revista

No hay ítems disponibles.

12 de Octubre 789 Ushuaia - Tel:  54(02901)441571
Horario de Atención: 8.00 a 17.00 hs. 
bibliotecaush@justierradelfuego.gov.ar
koha@justierradelfuego.gov.ar
Seguinos en nuestras redes @bibliojustdf 

Con tecnología Koha